| 000 | 00892nas a22002537a 4500 | ||
|---|---|---|---|
| 005 | 20260529154545.0 | ||
| 008 | 260529b1995 pormr|j| |||| 00| z por d | ||
| 040 | _cBR-ViAPE | ||
| 245 | _aPortfolio | ||
| 260 |
_aVitória _bComment Editora Ltda _c1995 |
||
| 300 |
_av. _bil. |
||
| 310 | _aMensal | ||
| 362 | _an. 53 (jun. 1995) - n. 54 (jul. 1995). | ||
| 500 | _aDisponibilizada apenas a imagem da capa na versão digital, em virtude de restrições de direitos autorais. | ||
| 500 | _aColeção incompleta: disponíveis apenas alguns números do periódico. | ||
| 650 |
_aSociedade _xmoda _xArte _xDiversão _zEspírito Santo |
||
| 651 |
_aEspírito Santo (Brasil) _vPeriódicos |
||
| 700 |
_aBarcellos, Luiz Alberto _eDiretor |
||
| 700 |
_aAlbino, Giovanni _eDiretor |
||
| 700 |
_aAlbino, Geancarlo _eDiretor |
||
| 710 | _aComment Editora Ltda | ||
| 942 |
_2ddc _cPER _n1 |
||
| 999 |
_c735 _d735 |
||